000 004850000a22001930004500
001 000860
003 MACL
005 20151003100414.0
008 151003b xxu||||| |||| 00| 0 eng d
040 _aMACL
_cMACL
041 _aEnglish
082 _a900.749/LAK
100 _aLakshminarayanan, K.
_913237
245 _aSalem City An Ethnohistory (1792-1992)
_cK. Lakshminarayanan
260 _c1999
_bVysya College,
350 _a150
650 _aHistory
_913238
942 _k901
_cBK
_2ddc
999 _c858
_d858